| 000 | 01100nam a2200289 a 4500 | ||
|---|---|---|---|
| 001 | 000024000 | ||
| 003 | OSt | ||
| 005 | 20260521144507.0 | ||
| 008 | 110118s1985 dr a 000 0 spa d | ||
| 040 |
_aDO-SdBNP _bspa _cBNPHU |
||
| 082 |
_a101 _bP438f |
||
| 100 | 1 |
_aPérez Martínez, Manuel _949339 |
|
| 245 | 1 | 3 |
_aLa filosofía hoy : _bimportancia, problemas y relaciones con las demás ciencias / _cManuel Pérez Martínez. |
| 260 |
_aSanto Domingo : _bUniversitaria-UASD, _c1985. |
||
| 300 |
_a287 p. : _bil. ; _c21 cm. |
||
| 490 | 1 |
_aPublicaciones de la Universidad Autónoma de Santo Domingo _v361 |
|
| 490 | 1 |
_aFilosofía y sociedad _v1 |
|
| 500 | _aIncluye referencias bibliográficas y notas al pie de las páginas. | ||
| 504 | _aBibliografía : p. 285-287 | ||
| 590 | _aInventariado, 2018 /LP | ||
| 650 | 0 |
_aFilosofía moderna _98156 |
|
| 650 | 2 | 0 |
_aFilosofía de la ciencia _919468 |
| 830 | 0 |
_aPublicaciones de la Universidad Autónoma de Santo Domingo, 361 _949340 |
|
| 830 | 0 |
_aFilosofía y sociedad, 1 _949341 |
|
| 910 | _aValidado. Control de calidad EMS | ||
| 942 |
_2ddc _cLBS1 |
||
| 999 |
_c23495 _d23495 |
||